Cassola
Guardado en:
| Autor principal: | |
|---|---|
| Formato: | Libro |
| Lenguaje: | Undetermined |
| Publicado: |
Caracas, Venezuela
Biblioteca Universidad Central de Venezuela
1970
|
| Materias: | |
| Etiquetas: |
Agregar Etiqueta
Sin Etiquetas, Sea el primero en etiquetar este registro!
|
MARC
| LEADER | 00000nam a2200000Ia 4500 | ||
|---|---|---|---|
| 008 | 170316s9999 xx 000 0 und d | ||
| 999 | |c 8169 |d 8169 | ||
| 040 | |a cru BVZT | ||
| 090 | |a 850 M-1c | ||
| 100 | |a Macchioni Jodi, Rodolfo | ||
| 245 | |a Cassola |c / Rodolfo Macchioni Jodi | ||
| 260 | |a Caracas, Venezuela |b Biblioteca Universidad Central de Venezuela |c 1970 | ||
| 300 | |a 118 páginas | ||
| 650 | |a LITERATURA ITALIANA |9 212 | ||
| 942 | |c 15 D |h 850 M-1c |2 z | ||
